|
|
|
|
| LEADER |
00819nam a2200193 a 4500 |
| 001 |
00025165 |
| 008 |
120521s2009 miua 000 0 eng d |
| 020 |
|
|
|a 9780472033690
|
| 040 |
|
|
|a BD-DhAAL
|c BD-DhAAL
|
| 082 |
0 |
0 |
|a 808.0420711
|2 22
|
| 100 |
1 |
|
|a Dorothy,Zemach.
|
| 245 |
0 |
0 |
|a Building academic reading skills :
|b Book 1 /
|c Zemach Dorothy
|
| 260 |
|
|
|a Ann Arbor :
|b University of Michigan Press,
|c c2009.
|
| 300 |
|
|
|a x, 118 p. :
|b ill. ;
|c 26 cm.
|
| 541 |
1 |
|
|e 00025165
|
| 650 |
|
0 |
|a English language
|x Study and teaching
|x Foreign speakers
|
| 650 |
|
0 |
|a Reading comprehension
|x Problems, exercises, etc.
|
| 999 |
|
|
|c 12186
|d 12186
|
| 952 |
|
|
|0 0
|1 0
|4 0
|6 808_042071100000000_DOR
|7 0
|9 20220
|a BRACUL
|b BRACUL
|c GEN
|d 2012-05-21
|e The University of Michigan Press
|g 21.00
|l 6
|m 77
|o 808.0420711 DOR
|p 3010025165
|r 2025-10-13
|s 2025-07-26
|t 1
|w 2012-05-21
|y BK
|